La revolution urbaine

Bibliographic Details
Main Author: Lefebvre, Henry
Format: Section = Libro
Language:Undetermined
Spanish
Published: URSS Idéesnri 1970
Subjects:
LEADER 00470nam a2200193Ia 4500
008 240829s9999 xx 000 0 und d
040 |a BIBLIOTECA-RUSB/ 711 L489 
041 |a spa 
082 |a 711 L489 
100 1 |a Lefebvre, Henry 
245 1 0 |a La revolution urbaine 
260 |a URSS  |b Idéesnri  |c 1970 
300 |a 248 p. :il. 
650 7 |a URBANISMO 
650 7 |b  CIUDADADES-HISTORIA 
650 7 |c  SOCIOLOGIA URBANA  
942 |c BK  |2 ddc 
991 |a TEXTO 
999 |c 4727